| 000 | 01101nam0a22002771 4500 | ||
|---|---|---|---|
| 001 | rc\4647525 | ||
| 005 | 20250611213931.0 | ||
| 021 |
_aRU _b66-100114 |
||
| 021 |
_aRU _bРг1866-67 |
||
| 035 | _a(NLR Aleph) 008411094 | ||
| 090 |
_a9297003 _c9297003 |
||
| 100 | _a20130416d1966 |||y0rusy50 ca | ||
| 101 | 0 | _arus | |
| 102 | _aRU | ||
| 105 | _aa b ||||| | ||
| 200 | 1 |
_a[Каталог _fПервая всесоюз. выставка худож. фотопортрета "Современник" (передвижная). Ленинград. Ноябрь 1966 г. |
|
| 210 |
_aЛенинград] _cБ. и. _d1966 |
||
| 215 |
_a[23] с. _cил. _d13х16 |
||
| 300 | _aНа обл.: Всесоюз. выставка худож. фотопортрета. Запорожье. 1965 | ||
| 710 | 1 | 2 | _a"Современник", всесоюзная передвижная выставка художественного фотопортрета (1; 1965-1966) |
| 801 | 0 |
_aRU _bNLR _gpsbo |
|
| 801 | 1 |
_aRU _bELAR _2rusmarc |
|
| 852 |
_aNLR _bЭ _jКЗ332/1965 |
||
| 942 | _cBOOK | ||
| 980 | _aNB | ||